000 01000nas a2200301 4500
001 BR2021000490
003 BR-BrBNA
005 20231205132207.0
007 ta
008 230509b bl.|||p| |||| 00| 00por d
040 _aBR-BrBNA
_bpor
_cBiblioteca Nacional de Agricultura
041 _a(Pt)
072 _aF02; F30
100 1 _aNeves, J.F.
100 1 _aNeves, S.M.A. da S.
100 1 _aSeabra Júnior, S.
100 1 _aDallacort, R.
245 1 _aProdução e soma térmica de cultivares de milho verde em duas semeaduras no verão
650 _aMILHO
650 _aZEA MAYS
650 _aVARIEDADE
650 _aÉPOCA DE SEMEADURA
773 0 _tNativa. Pesquisas Agrárias e Ambientais (Brazil)
_xISSN 2318-7670
_g(Nov-Dec 2019), v. 7(6) p. 661-667
_wBR2021000490
856 4 0 _uhttps://periodicoscientificos.ufmt.br/ojs/index.php/nativa/article/view/7520/6430
856 4 0 _dLink DSPACE/MAPA BR2021000490
909 _a202311
_bLúcia
_c55
_dLúcia Elande
942 _2AGRIS
_n0
_cANA
999 _c258995
_d258995